|
|
|
|
| LEADER |
01517nam a2200409 a 4500 |
| 001 |
000554708 |
| 003 |
CZ BrMZK |
| 005 |
20070122125419.0 |
| 007 |
ta |
| 008 |
000115s2001 xr e c cze d |
| 015 |
|
|
|a cnb001001568
|
| 020 |
|
|
|a 80-7010-082-6
|
| 035 |
|
|
|a (OCoLC)50344230
|
| 040 |
|
|
|a BOA001
|b cze
|
| 041 |
1 |
|
|a cze
|a eng
|
| 043 |
|
|
|a e-xr---
|
| 072 |
|
7 |
|a 72/76
|x Výtvarné umění
|2 Konspekt
|9 21
|
| 080 |
|
|
|a 77.03/.08
|2 MRF
|
| 080 |
|
|
|a 72/76(437.3)
|2 MRF
|
| 080 |
|
|
|a 7.036/.038
|2 MRF
|
| 080 |
|
|
|a (437.3)
|2 MRF
|
| 080 |
|
|
|a (083.824)
|2 MRF
|
| 100 |
1 |
|
|a Šimlová, Štěpánka,
|d 1966-
|7 jn20011018433
|
| 245 |
1 |
0 |
|a Šťěpánka Šimlová :
|b [katalog výstavy : Praha, Staroměstská radnice : 20. února - 29 dubna 2001] /
|c [text Olga Malá].
|
| 260 |
|
|
|a Praha :
|b Galerie hlavního města Prahy,
|c 2001
|
| 300 |
|
|
|a [36] s. :
|b il. ;
|c 20 x 28 cm
|
| 500 |
|
|
|a Text též anglicky
|
| 600 |
1 |
7 |
|a Šimlová, Štěpánka,
|d 1966-
|7 jn20011018433
|2 czenas
|
| 650 |
0 |
7 |
|a fotografie
|7 ph114585
|z Česko
|y 20.-21. stol.
|2 czenas
|
| 650 |
0 |
7 |
|a české výtvarné umění
|7 ph116865
|y 20.-21. stol.
|2 czenas
|
| 650 |
0 |
7 |
|a moderní umění
|7 ph115340
|z Česko
|y 20.-21. stol.
|2 czenas
|
| 655 |
|
7 |
|a katalogy výstav
|7 fd132536
|2 czenas
|
| 700 |
1 |
|
|a Malá, Olga,
|d 1957-
|7 jx20040217013
|
| 710 |
2 |
|
|a Galerie hlavního města Prahy
|7 kn20010709023
|
| 910 |
|
|
|a BOA001
|b 4-1083.529
|
| 990 |
|
|
|a BK
|
| 996 |
6 |
|
|b 2610131368
|c 4-1083.529
|l MZK
|r Sklad / do 1 hodiny
|n 1
|p p.v.
|w 000554708
|u 000010
|a 1
|e BOA001
|j MZK50
|s P
|